| 000 | 00448nam a22001577a 4500 | ||
|---|---|---|---|
| 005 | 20260218101409.0 | ||
| 008 | 260218b |||||||| |||| 00| 0 eng d | ||
| 020 |
_a9788131932711 _qpbk |
||
| 041 | _aeng | ||
| 082 |
_a813.54 _bNAR |
||
| 100 | _aNarang, Manmeet | ||
| 245 |
_aSerah goes Looking for Stars _cby Manmeet Narang Illustrated by Suman S. Roy |
||
| 260 |
_aNoida, India _bB. Jain Publishers Pvt Ltd |
||
| 300 | _a31p. | ||
| 942 | _cENGLISH | ||
| 999 |
_c613080 _d613080 |
||